000 00788nac a22003010a 4500
001 PT18348
003 AR-LpoUNG
005 20211108123203.0
008 201001s2002||||sp |||||||||||||||||spa d
020 _a8424919742 (v.1)
_c$72.33
040 _aAR-LpoUNG
_bspa
_eaacr
041 _aspa
044 _asp
082 0 _aR403 717a-h
100 1 _aMoliner, María
245 1 0 _aDiccionario de uso del español :
_ba-h
250 _a2da. ed., 4ta. reimpr.
260 _aMadrid :
_bGredos,
_c2002.
300 _axli, 1519 p. :
_bil.
_a(2
_fVolúmenes)
_3Impreso
490 0 _aDiccionario de uso del español
650 4 _aDICCIONARIOS
650 4 _aGRAMATICA
653 _aABREVIATURAS
653 _aSIMBOLOS
653 _aSINONIMOS
905 _a18348
942 _cLSALA
_2ddc
999 _c48274
_d48274